[Event "AUTO-ADV-3149"]
[Site "http://www.queenalice.com/game.php?id=1283560"]
[Date "2014.5.23"]
[Round "1"]
[White "betofortaleza"]
[Black "jruizlac"]
[Result "0-1"]
[WhiteElo "1959"]
[BlackElo "1995"]

1. e4 e5 2. Nf3 Nc6 3. d4 exd4 4. Nxd4 Bc5 5. Nxc6 bxc6 6. Bf4 Ne7 7. Bc4 O-O 8.
Nd2 d5 9. Bd3 Ng6 10. Bg3 Re8 11. O-O Ne5 12. Qh5 Ng6 13. exd5 cxd5 14. Bxg6
fxg6 15. Qf3 Bf5 16. Nb3 Bb6 17. c3 Re6 18. Nd4 Bxd4 19. cxd4 c6 20. h3 Qb6 21.
Qc3 Rae8 22. Be5 Rb8 23. g4 Qxb2 24. Qxb2 Rxb2 25. gxf5 gxf5 26. Bf4 g5 27. Bxg5
Rg6 28. f4 h6 29. Rf2 Rxf2 30. Kxf2 hxg5 31. fxg5 Rxg5 32. Rc1 Rg6 33. Kf3 Kf7
34. Kf4 Rf6 35. Rg1 Ke6 36. h4 Rh6 37. Kg5 Rh8 38. Re1+ Kd6 39. Kxf5 Rxh4 40.
Re6+ Kc7 41. Re7+ Kb6 42. Ke5 Rh2 43. Kd6 Rxa2 44. Re3 Kb5 45. Rc3 Ra6 46. Rc5+
Kb4 47. Rxc6 Rxc6+ 48. Kxc6 Kc4 0-1

[Event "AUTO-ADV-3149"]
[Site "http://www.queenalice.com/game.php?id=1283561"]
[Date "2014.5.23"]
[Round "1"]
[White "jruizlac"]
[Black "betofortaleza"]
[Result "1-0"]
[WhiteElo "1980"]
[BlackElo "1958"]

1. e4 e5 2. Nf3 Nc6 3. Bb5 Nd4 4. Nxd4 exd4 5. O-O Bc5 6. d3 Nf6 7. Nd2 c6 8.
Ba4 b5 9. Bb3 Qc7 10. f4 O-O 11. Nf3 d6 12. h3 Bd7 13. e5 Nd5 14. Re1 dxe5 15.
fxe5 Be6 16. Ng5 h6 17. Nxe6 fxe6 18. Qg4 Qf7 19. Bxh6 Kh7 20. Bg5 Qg6 21. h4
Be7 22. Re4 Bxg5 23. Qxg5 Qxg5 24. hxg5 Rf5 25. a4 Raf8 26. axb5 cxb5 27. Bxd5
exd5 28. Re2 Re8 29. Rae1 Rxg5 30. e6 Re7 31. Ra1 Rg6 32. Ra6 Rf6 33. Rd6 a5 34.
Rxd5 Rexe6 35. Rxe6 Rxe6 36. Rxb5 Rc6 37. Rxa5 Rxc2 38. b4 Rb2 39. b5 Rb3 40.
Ra4 Rxb5 41. Rxd4 Rb3 42. Rd7 Kg8 43. Kf2 Rb2+ 44. Kf3 Kh7 45. g3 Kg6 46. Kf4
Kf6 47. d4 Rd2 48. Rd6+ Ke7 49. Ke5 Rg2 50. Rg6 Kf7 51. Rg4 Re2+ 52. Re4 Rxe4+
53. Kxe4 Ke6 54. g4 g5 55. d5+ 1-0

[Event "AUTO-ADV-3149"]
[Site "http://www.queenalice.com/game.php?id=1283574"]
[Date "2014.5.23"]
[Round "1"]
[White "Capixaba789"]
[Black "jruizlac"]
[Result "0-1"]
[WhiteElo "1902"]
[BlackElo "1908"]

1. e4 e5 2. Bc4 Nf6 3. Nf3 Nc6 4. O-O Bc5 5. d3 O-O 6. Nc3 d6 7. Bg5 h6 8. Be3
Bb6 9. Bxb6 axb6 10. a3 Bg4 11. h3 Bh5 12. g4 Nxg4 13. hxg4 Bxg4 14. Nb1 Qf6 15.
Nbd2 Nd4 16. Qe1 Bxf3 17. Qe3 Qg6+ 18. Kh2 Qg2# 0-1

[Event "AUTO-ADV-3149"]
[Site "http://www.queenalice.com/game.php?id=1283575"]
[Date "2014.5.23"]
[Round "1"]
[White "jruizlac"]
[Black "Capixaba789"]
[Result "1-0"]
[WhiteElo "1953"]
[BlackElo "1893"]

1. d4 d5 2. c4 dxc4 3. e4 e5 4. Nf3 Bb4+ 5. Bd2 Bxd2+ 6. Qxd2 exd4 7. Nxd4 c5 8.
Nf3 Qxd2+ 9. Nbxd2 Nf6 10. Bxc4 O-O 11. O-O Nc6 12. h3 a6 13. a4 h6 14. Nh2 Nd4
15. f3 Re8 16. Nb3 Nc2 17. Rac1 Ne3 18. Rfe1 Nxc4 19. Rxc4 Be6 20. Rc3 c4 21.
Nc5 Rec8 22. Nxe6 fxe6 23. Rec1 Nd7 24. Rxc4 Nb6 25. Rxc8+ Rxc8 26. Rxc8+ Kh7
27. Rc7 1-0

[Event "AUTO-ADV-3149"]
[Site "http://www.queenalice.com/game.php?id=1283584"]
[Date "2014.5.23"]
[Round "1"]
[White "jruizlac"]
[Black "clovis"]
[Result "0-1"]
[WhiteElo "1882"]
[BlackElo "2089"]

1. d4 d5 2. c4 c6 3. Nc3 e6 4. a3 Nf6 5. Bg5 Nbd7 6. e3 Be7 7. cxd5 exd5 8. Bd3
O-O 9. Nge2 Ne4 10. Bxe7 Qxe7 11. O-O f5 12. Qd2 Nxd2 0-1

[Event "AUTO-ADV-3149"]
[Site "http://www.queenalice.com/game.php?id=1283585"]
[Date "2014.5.23"]
[Round "1"]
[White "clovis"]
[Black "jruizlac"]
[Result "0-1"]
[WhiteElo "2008"]
[BlackElo "1924"]

1. e4 e5 2. Bc4 Bc5 3. Nf3 Nc6 4. O-O Nf6 5. b4 Bxb4 6. c3 Be7 7. d4 exd4 8. e5
Ng4 9. cxd4 O-O 10. Nc3 Bb4 11. h3 Ngxe5 12. Nxe5 Nxe5 13. dxe5 Bxc3 14. Ba3 Re8
15. Qb3 Bxa1 16. Bxf7+ Kh8 17. Bxe8 Bxe5 18. Qf7 Qf6 19. Re1 Qxf7 20. Bxf7 d6
21. Bb2 Bd7 22. Bxe5 dxe5 23. Rxe5 h6 24. Re7 Rd8 25. Bg6 c5 26. f4 c4 27. Kf2
Bc6 28. g4 Rd6 29. f5 Rd8 30. h4 c3 31. Rc7 c2 32. f6 c1=Q 33. fxg7+ Kg8 0-1

[Event "Challenge"]
[Site "http://www.queenalice.com/game.php?id=1287702"]
[Date "2014.6.12"]
[Round "-"]
[White "tucuman"]
[Black "jruizlac"]
[Result "0-1"]
[WhiteElo "1838"]
[BlackElo "2018"]

1. e4 e5 2. Nc3 Nf6 3. Bc4 Bb4 4. d3 O-O 5. Bd2 c6 6. a3 Ba5 7. b4 Bb6 8. h3 d5
9. exd5 cxd5 10. Bb3 h6 11. Nf3 a6 12. O-O Nc6 13. Re1 Re8 14. Ne2 Bf5 15. c4
Bxd3 16. cxd5 Nxd5 17. Ng3 Kh8 18. Bxd5 Qxd5 19. a4 f6 20. Be3 Bxe3 21. fxe3
Nxb4 22. Nh4 Nc2 23. Ngf5 Nxe1 24. Qxe1 Bc2 25. Qg3 Qd7 26. Qf3 Bxa4 27. e4 Bc6
28. Ng6+ Kh7 29. Ngh4 Rad8 30. Kh2 Qd3 31. Qxd3 Rxd3 32. Re1 g6 33. Ng3 Red8 34.
Nf3 a5 35. h4 b5 36. h5 g5 37. Nf5 b4 38. Ne7 Bb7 39. Nd5 Bxd5 0-1

[Event "Challenge"]
[Site "http://www.queenalice.com/game.php?id=1291478"]
[Date "2014.6.30"]
[Round "-"]
[White "jruizlac"]
[Black "matto64"]
[Result "1/2-1/2"]
[WhiteElo "2027"]
[BlackElo "1873"]

1. e4 c5 2. Nf3 d6 3. d4 cxd4 4. Nxd4 Nf6 5. Nc3 g6 6. Bc4 Bg7 7. O-O O-O 8. Bg5
Nxe4 9. Nxe4 d5 10. Bxe7 Qxe7 11. Bxd5 Qe5 12. Nb5 Nc6 13. Nbc3 Kh8 14. Bb3 Be6
15. Re1 Bxb3 16. cxb3 Rad8 17. Qf3 Nd4 18. Qd1 Qb8 19. Ng5 Bf6 20. Nf3 Qf4 21.
Nxd4 Bxd4 22. Qf3 Qxf3 23. gxf3 Rfe8 24. Rad1 Rxe1+ 25. Rxe1 Bf6 26. Kg2 a6 27.
Na4 Rd5 28. Rc1 Be5 29. Rc5 Rxc5 30. Nxc5 b6 31. Nxa6 Bxb2 32. Nc7 Bd4 33. Nd5
f5 34. Ne3 Kg7 35. a4 Kf6 36. Nc4 Bc5 37. b4 Bd4 38. a5 bxa5 39. bxa5 Ke6 40. f4
1/2-1/2

[Event "10Generation"]
[Site "http://www.queenalice.com/game.php?id=1292390"]
[Date "2014.7.4"]
[Round "-"]
[White "jruizlac"]
[Black "michas"]
[Result "1-0"]
[WhiteElo "2010"]
[BlackElo "1821"]

1. d4 Nf6 2. c4 d5 3. Bg5 e6 4. a3 dxc4 5. e3 b5 6. Nc3 a6 7. Nf3 h6 8. Bh4 Be7
9. Be2 Bb7 10. O-O g5 11. Bg3 Ne4 12. a4 Nxg3 13. fxg3 b4 14. Na2 b3 15. Nc3 Bd5
16. Ne5 c5 17. Nxf7 Qd7 18. Nxh8 Qb7 19. Nxd5 exd5 20. Bh5+ Kd7 21. Qg4+ Kd8 22.
Nf7+ Kc7 23. Qe6 Nc6 24. Ne5 cxd4 25. Nxc6 Qxc6 26. Qxe7+ Kb6 27. Rf6 1-0

[Event "10Generation"]
[Site "http://www.queenalice.com/game.php?id=1292394"]
[Date "2014.7.4"]
[Round "-"]
[White "jruizlac"]
[Black "leonardo_assumpcao"]
[Result "0-1"]
[WhiteElo "1895"]
[BlackElo "1939"]

1. e4 e5 2. Nf3 Nc6 3. Bb5 Nd4 4. Bc4 Nxf3+ 5. Qxf3 Qf6 6. Qxf6 Nxf6 7. O-O c6
8. Nc3 b5 9. Bb3 Bc5 10. d3 d6 11. a3 Be6 0-1

[Event "Challenge"]
[Site "http://www.queenalice.com/game.php?id=1292408"]
[Date "2014.7.4"]
[Round "-"]
[White "ztnilz"]
[Black "jruizlac"]
[Result "1-0"]
[WhiteElo "1936"]
[BlackElo "1964"]

1. e4 e5 2. Nf3 Nc6 3. c3 Nf6 4. d4 d6 5. dxe5 Nxe4 6. exd6 Nxd6 7. Be2 g6 8.
O-O Bg7 9. Re1 O-O 10. Bd3 Bg4 11. Be2 Re8 12. h3 Bf5 13. b3 Qd7 14. Bb2 Re7 15.
Nbd2 Rae8 16. Bf1 Rxe1 17. Nxe1 Rd8 18. Nc4 Nxc4 19. Qxd7 Rxd7 20. bxc4 Rd2 21.
Ba3 Bxc3 22. Rc1 Bd4 23. Nf3 Bxf2+ 24. Kh2 1-0

[Event "Challenge"]
[Site "http://www.queenalice.com/game.php?id=1292532"]
[Date "2014.7.5"]
[Round "-"]
[White "jruizlac"]
[Black "ztnilz"]
[Result "0-1"]
[WhiteElo "1983"]
[BlackElo "1917"]

1. d4 Nf6 2. c4 c6 3. Nc3 d5 4. Bg5 e6 5. e3 Be7 6. Nf3 Nbd7 7. Bd3 b6 8. cxd5
Nxd5 9. Bxe7 Qxe7 10. a3 a5 11. O-O O-O 12. Rc1 Bb7 13. Nxd5 exd5 14. Rc3 c5 15.
dxc5 bxc5 16. Qc2 g6 17. Bb5 c4 18. Rd1 Nb6 19. Nd2 Qg5 20. Nf3 Qf6 21. e4 dxe4
22. Nd2 Qg5 0-1

[Event "AUTO-OPEN-3287"]
[Site "http://www.queenalice.com/game.php?id=1294255"]
[Date "2014.7.12"]
[Round "1"]
[White "erig1969"]
[Black "jruizlac"]
[Result "1-0"]
[WhiteElo "2034"]
[BlackElo "1947"]

1. d4 d5 2. c4 c6 3. Nf3 Bg4 4. e3 Nf6 5. Be2 e6 6. O-O Nbd7 7. h3 Bh5 8. a3 a5
9. Nc3 b6 10. cxd5 cxd5 11. Qb3 Bd6 12. Bd2 O-O 13. Rac1 Rc8 14. Nb5 Qe7 15.
Rfe1 Ne4 16. Rxc8 Rxc8 17. Bc3 Nxc3 18. bxc3 Bg6 19. a4 1-0

[Event "AUTO-OPEN-3287"]
[Site "http://www.queenalice.com/game.php?id=1294256"]
[Date "2014.7.12"]
[Round "1"]
[White "jruizlac"]
[Black "erig1969"]
[Result "0-1"]
[WhiteElo "1934"]
[BlackElo "2047"]

1. d4 d5 2. c4 c6 3. Nc3 Nf6 4. e3 e6 5. Bd3 Bb4 6. Bd2 Bd6 7. Nf3 Qc7 8. Qc2
Nbd7 9. O-O-O a5 10. h3 dxc4 11. Bxc4 b5 12. Bd3 a4 13. a3 Nb6 14. Ne4 Nxe4 15.
Bxe4 Bd7 16. Bxh7 c5 17. dxc5 Bxc5 18. Bd3 Rc8 0-1